000 00697nam a2200217Ia 4500
003 GCL
008 140319s9999 xx 000 0 ara d
020 _a0358270977
040 _aGCL /
_cGCL
082 0 4 _a843.03
_bر ا
100 1 _aرولان، رومان
245 1 0 _aانطوانيت = ANTOINETTE /
_cرولان، رومان
250 _aالاولى
260 _aالقاهرة :
_bالدار المصرية اللبنانية ،
_c1997
300 _a142 ص ؛
_c24 سم
490 _aروايات جائزة نوبل
_v8
650 0 4 _aالادب الفرنسى
650 0 4 _aالقصص الفرنسية
650 0 4 _aالقصص المترجمة للعربية
942 _2ddc
_cBK
999 _c4823
_d4823